Magyar Pedagógia. - 111. évf. (2011) 3. sz.

Elmentve itt :
Bibliográfiai részletek
Dokumentumtípus: Folyóirat
Megjelent: 2011
Sorozat:Magyar pedagógia : a Magyar Tudományos Akadémia Pedagógiai Bizottságának folyóirata 111 No. 3
Online Access:http://misc.bibl.u-szeged.hu/18123
LEADER 00547nas a2200145 i 4500
001 misc18123
005 20191106140538.0
008 170616s2011 hu o 0|| zxx d
022 |a 0025-0260 
040 |a SZTE Miscellanea Repozitórium  |b hun 
041 |a zxx 
245 0 0 |a Magyar Pedagógia. - 111. évf. (2011) 3. sz.  |h [elektronikus dokumentum] 
260 |c 2011 
490 0 |a Magyar pedagógia : a Magyar Tudományos Akadémia Pedagógiai Bizottságának folyóirata  |v 111 No. 3 
856 4 0 |u http://misc.bibl.u-szeged.hu/18123/1/mp_2011_003.pdf  |z Dokumentum-elérés